LEADER 00976nam a2200241 i 4500 001 000000060749 003 CaOOAMICUS 005 20251205095250.0 008 140520s1984 it u000 u ita u 013 $a31921 040 $aSeMil$bita 100 1 $aZorzi, Giuseppe.$0(OLS)http://semarc/name/4142 245 13$aIl realismo cristiano di Reinhold Niebuhr /$cGiuseppe Zorzi. 260 $aBologna :$bEDB,$ccopyr. 1984. 300 $a186 p. ;$c22 cm. 490 0 $aScienze religiose ;$v8 650 4$aNiebuhr, Reinhold <1892-1971>.$0(OLS)http://semarc/subject/8619 830 0$aScienze religiose / Istituto trentino di cultura ;$v8.$0(OLS)http://semarc/title/457202 850 $aSeMil 852 $aSeMil$W1$xVenegono$y1$m2K III 280$j26902$B26902$CSeMilBibl$Z2$F26905 $81 996 $6245$aIl realismo cristiano di Reinhold Niebuhr$9(OLS)http://semarc/title/95284 996 $6260$aBologna :$bEDB$9(OLS)http://semarc/publisher/29669 LEADER 00491nab a2200145 i 4500 001 000000278195 003 CaOOAMICUS 005 20121127000000.0 008 121127n xx uu u0 0und r 013 $a28975 040 $aSeMil$bita 245 13$aIl Samaritano virtuale. - 23 p. - Titolo dalla copertina. 500 $aMaggio 2011. 773 0 $t[2009-2011.$dRoma : CiSCS, copyr. 2009-2011.$w()177638 996 $6245$aIl Samaritano virtuale. - 23 p. - Titolo dalla copertina.$9(OLS)http://semarc/title/362617